000 01070cam a22003257a 4500
003 CHAP
005 20220329134945.0
008 971013s1975 r 00010 d
010 _a28671
011 _a29643
035 _a33754
040 _cCHAP
090 _aTesis
100 0 0 _aLasso Tizcareño, Rigoberto.
_965046
245 1 3 _aLa solidaridad social en la promoción económica
_b: los ixtleros de Nuevo León
260 _aMéxico :
_bEl autor,
_c1975
300 _a209 h.
502 _aTesis (Lic. en Economía) -- UNAM. Escuela Nacional de Economía.
590 _aALEPH
_b10
_c20130110
_lUCH01
_h1250
590 _aBATCH-UPD
_b10
_c20130110
_lUCH01
_h1217
590 _aBATCH-UPD
_b10
_c20130410
_lUCH01
_h0754
590 _aBATCH-UPD
_b10
_c20130914
_lUCH01
_h1659
590 _aCONVERSION
_b10
_c20130109
_lUCH01
_h1316
650 1 4 _aIxtle
_xTrabajadores
_xNuevo León.
_960734
650 1 4 _aSeguridad social rural.
_9103689
650 1 4 _aSeguridad social
_xNuevo León.
_9103684
901 _aBK
942 _cTESIS
949 _bBC
_cTES
_d-78464
_eTS1
_i33754
_si
999 _c28671
_d28671